Clubs With the Most Players at Copa America 2024 - Statistics

General Stats
  • This quiz has been taken 81 times
  • The average score is 6 of 25
Answer Stats
Players Answer % Correct
4 Real Madrid
86%
4 Liverpool
66%
4 Juventus
51%
7 Club América
49%
6 Flamengo
44%
4 Inter Miami
35%
4 São Paulo
35%
5 FC Porto
32%
4 Colo-Colo
29%
4 The Strongest
17%
9 Bolívar
13%
5 Fulham
12%
4 Pachuca
12%
7 Saprissa
10%
5 Universitario de Deportes
10%
4 Real Betis
9%
4 Universidad Católica
9%
5 Always Ready
8%
5 Herediano
8%
5 Libertad
6%
4 Girona
5%
4 Cagliari
4%
4 Dynamo Moscow
4%
4 Minnesota United FC
4%
4 FC Krasnodar
3%
No matching quizzes found
Score Distribution
Percent of People with Each Score
Percentile by Number Answered
Your Score History
You have not taken this quiz